000 009310000a22001690004500
090 _aT V2342d
100 1 _aValencia Castro, Catalina
245 1 0 _aLSC para el IMM / Catalina Valencia Castro
260 _aMedellín : FUSBC
300 _a27 p.
502 _aTesis (Licenciatura en Teología Bíblica) - - Fundación Universitaria Seminario Bíblico de Colombia, 2007
520 _aAl rededor del mundo hay un grupo de personas que se encuentran encerradas en una barrera que les impide escuchar acerca del Salvador, esta barrera es una pared de silencio llamada sordera; el IMM como parte de la iglesia no ha sido insensible a este llamado del Señor y en respuesta a él, le ha abierto las puestas de su institución a la población con discapacidad auditiva
650 1 4 _aLENGUAJE POR SEÑAS \ EDUCACION CRISTIANA - LENGUAJE POR SEÑAS \ INCAPACITADOS
001 13435
942 _cBK
999 _c42413
_d42413